000 00395nas a2200145 4500
001 Rev843
003 ES-SlBC
008 131126b xxue||p| |||| 00| 0 eng d
245 0 0 _aREVIEW OF METHAPHYSICS
_b:A Philosophical Quarterly
_cCatholic University of America
260 _aWashington.D.C.
270 _a
_bWashington.D.C.
_d20064 USA
310 _aTrimestral
942 _cREV
999 _c496610
_d496610